00473nam a2200169Ia 4500003000400000008004100004040001600045082001600061100002000077245007800097260004700175300000900222490003000231650000900261650001700270650001600287GCL140319s9999 xx 000 0 eng d aGCL / cGCL04a709.02bR A1 aROSTEM, OSMAN R10aAN ESSAY ON THE INTERACTION BETWEEN THE STYLES OF ART / cROSTEM, OSMAN R a[S.N] : bBEIRUT ARAB UNIVERSITY ، c1971 a34 P aBEIRUT ARAB UNIVERSITYv004aARTS04aART, HISTORY04aART, STYLES